| 000 | 00699nam a2200241Ia 4500 | ||
|---|---|---|---|
| 003 | GCL | ||
| 008 | 140319s9999 xx 000 0 ara d | ||
| 040 |
_aGCL / _cGCL |
||
| 082 | 0 | 4 |
_a150 _bس ا |
| 100 | 1 | _aسهام هاشم | |
| 245 | 1 | 0 |
_aالالتزام عند الكتاب المصرين / _cسهام هاشم |
| 260 |
_a[S.N] : _bمصر العربية للنشر والتوزيع ، _c1993 |
||
| 300 | _a202 ص | ||
| 490 |
_aقضايا مصرية _v0 |
||
| 650 | 0 | 4 | _aمصر |
| 650 | 0 | 4 | _aالاختيار |
| 650 | 0 | 4 | _aعلم النفس |
| 650 | 0 | 4 | _aالالتزامات |
| 650 | 0 | 4 | _aالتاريخ |
| 650 | 0 | 4 | _aالمؤلفون |
| 650 | 0 | 4 | _aالتحليل |
| 942 |
_2ddc _cBK |
||
| 999 |
_c29289 _d29289 |
||